La terre et l'homme ou Aperçu historique de géologie, de géographie et d'ethnologie générales pour servir d'introduction á l'Histoire Universelle / (Record no. 159213)

MARC details
000 -LEADER
campo de control de longitud fija 01028nam a22002415i 4500
001 - NÚMERO DE CONTROL
campo de control 159213
003 - IDENTIFICADOR DE NÚMERO DE CONTROL
campo de control ES-MaACL
005 - FECHA Y HORA DE LA ÚLTIMA TRANSACCIÓN
campo de control 20250815062610.0
008 - DATOS DE LONGITUD FIJA--INFORMACIÓN GENERAL
campo de control de longitud fija 990202s1861 fr |||| | fre d
040 ## - FUENTE DE CATALOGACIÓN
Centro catalogador/agencia de origen CCPB | B
Lengua de catalogación spa
Centro/agencia transcriptor CCPB | B
100 1# - ENTRADA PRINCIPAL--NOMBRE DE PERSONA
Nombre de persona Maury, Alfred.
9 (RLIN) 129748
245 13 - MENCIÓN DEL TÍTULO
Título La terre et l'homme ou Aperçu historique de géologie, de géographie et d'ethnologie générales pour servir d'introduction á l'Histoire Universelle /
Mención de responsabilidad, etc. par L. F. Alfred Maury.
250 ## - MENCION DE EDICION
Mención de edición 2ème éd. rev. et corr.
260 ## - PUBLICACIÓN, DISTRIBUCIÓN, ETC.
Lugar de publicación, distribución, etc. Paris :
Nombre del editor, distribuidor, etc. Librairie de L. Hachette et Cie,
Fecha de publicación, distribución, etc. 1861 (
Fabricante Imprimerie de Ch. Lahure et Cie)
300 ## - DESCRIPCIÓN FÍSICA
Extensión VIII, 558 p. ;
Dimensiones 18 cm.
490 1# - MENCIÓN DE SERIE
Mención de serie Histoire universelle
650 #7 - PUNTO DE ACCESO ADICIONAL DE MATERIA--TÉRMINO DE MATERIA
Término de materia o nombre geográfico como elemento de entrada Historia universal
Fuente del encabezamiento o término embne
9 (RLIN) 13429
740 0# - ENTRADA AGREGADA--TÍTULO RELACIONADO/ANALÍTICO NO CONTROLADO
Título relacionado o analítico no controlado Aperçu historique de géologie, de géographie et d'ethnologie générales pour servir d'introduction á l'Histoire Universelle.
752 ## - ENTRADA AGREGADA--NOMBRE JERÁRQUICO DEL LUGAR
País o entidad superior Francia -
Ciudad París
830 00 - PUNTO DE ACCESO ADICIONAL DE SERIE-TÍTULO UNIFORME
Título uniforme Histoire universelle
9 (RLIN) 182495
852 ## - LOCALIZACIÓN
Ubicación ES-MaACL
Número de control de estantería G-10053
Nota libre -- Enc. hol.
Holdings
Estatus retirado Estado de pérdida Estado de daño No para préstamo Colección Biblioteca de origen Biblioteca actual Ubicación en estantería Fecha de adquisición Fuente de adquisición Total de préstamos Signatura topográfica completa Código de barras Visto por última vez Precio de reemplazo Tipo de ítem Koha
        Libros del s. XIX Biblioteca del Ateneo de Madrid Biblioteca del Ateneo de Madrid Sala Pecera Planta 3 17/01/2008     G-10053 1166671 23/02/2023 23/02/2023 Libro impreso antiguo